| 000 | 00000nam##2200000za#4500 |
| 001 | 9.669153 |
| 003 | CaOODSP |
| 005 | 20240209132423 |
| 007 | ta |
| 008 | 150407|2007||||xxc||||| f|0| 0 eng|d |
| 020 | |a978-0-662-05058-2 |
| 040 | |aCaOODSP|beng |
| 041 | |aeng |
| 041 | |afre |
| 043 | |an-cn--- |
| 086 | 1 |aIu89-4/28-3-2007 |
| 110 | 2 |aAtlantic Canada Opportunities Agency. |
| 245 | 10|aInvesting in women in business |
| 260 | |aMoncton - New Brunswick : |bAtlantic Canada Opportunities Agency |c[2007]. |
| 300 | |aEnglish text, [1]p. ; |c28 cm. |
| 563 | |aPamphlet |
| 590 | |a08-22|b2008-05-30 |
| 776 | 0#|tInvestir dans les femmes en affaires - [L'Île-du-Prince-Édouard] |w(CaOODSP)9.638187 |
| 776 | 0#|tInvesting in women in business - [Prince Edward Island] |w(CaOODSP)9.694004 |
| 792 | |tInvestir dans les femmes en affaires |efre|w(CaOODSP)9.669154 |
| 986 | |aACOA: 2007-09 |